Culture Générale - Série 2376 - Statistiques

Statistiques générales
  • Ce quiz a été pris 110 fois
  • Le résultat moyen est 6 sur 10
Statistiques - réponses
Question Réponse % Correct
Quel pays européen a pour hymne national "La Brabançonne" ? Belgique
81%
Quel est le nouveau nom de la Birmanie ? Myanmar
77%
Quel pays insulaire était appelé Ceylan jusqu’à son indépendance en 1972 ? Sri Lanka
73%
Dans quelle ville italienne se trouve l'opéra de la Fenice ? Venise
70%
Dans quel département se trouve la cité de Carcassonne ? Aude
68%
La cathédrale de quelle ville française du Grand Est a son horloge astronomique décorée d'automates ? Strasbourg
63%
Quel artiste américain très connu a repris la chanson "Il faudra leur dire" de Francis Cabrel ? prénom et nom - voir photo Ray Charles
61%
Quel pays européen a un hymne national sans aucune parole ? Espagne
56%
Avant 1984, le Burkina Faso était connu sous le nom de… Haute-Volta
51%
Comment s’appelait le Bangladesh avant son indépendance en 1971 ? Pakistan oriental
28%
Aucun quiz correspondant
Distribution des résultats
% des personnes avec chaque résultat
Percentile par nombre de réponses
Votre historique - résultats
Vous n’avez pas pris ce quiz